000 00499nam a2200181Ia 4500
005 20250326141754.0
008 250326s9999 xx 000 0 und d
037 _aTextbook
040 _aFMSL
_beng
_cFMSL
041 _aeng
_2eng
084 _aX:51 N7
_qFMSL
100 _aGreen T
_9745043
245 0 _aProspect for gold : The view to Year 2000
_cGreen T
260 _aLondon
_bLondon, Rosendale press
_c1987
300 _a215p
942 _cTB
_hX:51 N7
999 _c1291897
_d1291897